000 01772nam0a2200373 4500
001 RU\NLR\bibl\1067551
005 20260406083703.0
010 _a978-5-9524-2710-5
_93000
021 _aRU
_b2007-10244
_9544
035 _a(NLR Aleph) 001054801
090 _a901359
_c901359
100 _a20070403d2007 |||y0rusy50 ca
101 0 _arus
102 _aRU
105 _aa |||||||||
200 1 _aВеликая русская революция
_dThe great russian revolution
_eвоспоминания председателя Учредительного собрания, 1905-1920
_fВиктор Чернов
_zeng
210 _aМосква
_cЦентрполиграф
_d2007
215 _a428, [2] с., [4] л. ил., портр.
_d21
225 1 _aСвидетели эпохи
300 _aАвт. также на англ. яз.: Victor Chernov
320 _aБиблиогр. в прим.: с. 421-429
510 0 _6z73790
_aThe great russian revolution
_zeng
600 1 _aЧернов
_bВ.М.
_f1873 - 1952
_gВиктор Михайлович
_jВоспоминания, записки и т.п.
_92140715
_3RU\NLR\auth\661290289
607 _aРоссия
_jВоспоминания, записки и т.п.
_xИстория
_zнач. 20 в.
_92368087
_3RU\NLR\auth\661413622
686 _aТ3(2)52,013
686 _aФ69(2)421.2,013
700 1 _4070
_8rus
_7ca
_aЧернов
_bВ. М.
_cполит. деятель
_f1873-1952
_gВиктор Михайлович
_3RU\NLR\auth\7750836
_933770
790 1 _4070
_8rus
_7ba
_aČernov
_bV. M.
_cполит. деятель
_f1873-1952
_gViktor Michajlovič
_3RU\NLR\auth\7750837
_933771
801 0 _aRU
_bNLR
_c20070403
_gRCR
801 1 _aRU
_bNLR
_c20070403
942 _cBOOK
980 _aNB